|
|
|
|
| LEADER |
00000cam a2200000 a 4500 |
| 001 |
vtls011712105 |
| 003 |
SK-MaSNL |
| 005 |
20260426010048.0 |
| 008 |
240318s2017 xo dal g n 000 0 slo |
| 015 |
|
|
|a SNBA2018/10
|
| 020 |
|
|
|a 9788081686924
|q (brož.)
|
| 035 |
|
|
|a urn:nbn:sk:snk-am00db8i
|
| 035 |
|
|
|a urn:nbn:sk:snk-am3hw9j
|
| 035 |
|
|
|a A8C6DBB8-CB32-4821-B5D8-F8DCB1F60C7D
|
| 040 |
|
|
|a SNK
|b slo
|c SNK
|e AACR2
|
| 041 |
0 |
|
|a slo
|
| 044 |
|
|
|a xo
|c SK
|
| 072 |
|
7 |
|a 364.3
|x Sociálne poistenie. Zdravotné poistenie. Dôchodky
|2 konspekt
|
| 072 |
|
7 |
|a 336.7
|x Financie
|2 konspekt
|
| 080 |
|
|
|a 364.35:336.722.145
|2 2011
|
| 080 |
|
|
|a 364.35
|2 2011
|
| 080 |
|
|
|a (437.6)
|2 2011
|
| 080 |
|
|
|a (048.8)
|2 2011
|
| 080 |
|
|
|a 336.722.14
|2 2011
|
| 100 |
1 |
|
|a Šebo, Ján,
|d 1978-
|4 aut
|9 601391
|
| 245 |
1 |
0 |
|a Aktívna správa úspor v systéme starobného dôchodkového sporenia
|c Ján Šebo ... [et al.]
|
| 250 |
|
|
|a 1. vyd.
|
| 260 |
|
|
|a Bratislava
|b Wolters Kluwer
|c 2017
|
| 300 |
|
|
|a 206 s.
|b ilustr., grafy, tab.
|c 24 cm
|
| 490 |
1 |
|
|a Ekonómia
|
| 504 |
|
|
|a Bibliografia na strane [197]-206 ; poznámky
|
| 650 |
0 |
7 |
|a starobné dôchodkové sporenie
|2 SNKPH
|9 58138
|
| 650 |
0 |
7 |
|a starobné dôchodky
|2 SNKPH
|9 73215
|
| 650 |
0 |
7 |
|a sporenie
|2 SNKPH
|9 2366
|
| 650 |
0 |
7 |
|a Old age pensions
|2 SNKPHeng
|9 372794
|
| 650 |
0 |
7 |
|a Saving
|2 SNKPHeng
|9 511831
|
| 651 |
|
7 |
|a Slovensko
|2 SNKPHgeo
|9 14231
|
| 651 |
|
7 |
|a Slovakia
|2 SNKPHeng
|9 92630
|
| 655 |
|
7 |
|a monografie
|2 SNKPH
|9 70139
|
| 655 |
|
7 |
|a Monographs
|2 SNKPHeng
|9 120675
|
| 700 |
1 |
|
|a Melicherčík, Igor,
|d 1968-
|4 aut
|9 229515
|
| 700 |
1 |
|
|a Mešťan, Michal,
|d 1991-
|4 aut
|9 252321
|
| 700 |
1 |
|
|a Králik, Ivan
|4 aut
|9 223477
|
| 830 |
|
0 |
|a Ekonómia
|9 290125
|
| 852 |
|
|
|a Slovenská národná knižnica
|
| 919 |
|
|
|a 978-80-8168-692-4
|
| 954 |
|
|
|a odborná, vedecká literatúra pôvodná (slovenská)
|2 lita
|
| 958 |
|
|
|a NB
|
| 999 |
|
|
|c 1024296
|d 1026226
|
| 952 |
|
|
|a SNK
|b SNK
|y PREZ
|7 0
|p 17A1337250
|o snkSC 181080
|i snk2018/20517
|8 0
|0 0
|1 0
|4 0
|d 2018-10-10
|f 1
|l 0
|r 2026-02-24 13:34:27
|w 2026-02-24
|
| 952 |
|
|
|a SNK
|b SNK
|y VYP
|7 0
|p 17A1337251
|o snkSC 181080 D1
|i snk2018/20518
|8 0
|0 0
|1 0
|4 0
|d 2018-10-10
|l 0
|r 2026-02-24 13:34:27
|w 2026-02-24
|